<?xml version="1.0" encoding="UTF-8"?><?xml-stylesheet type="text/xsl" href="static/style.xsl"?><OAI-PMH xmlns="http://www.openarchives.org/OAI/2.0/" xmlns:xsi="http://www.w3.org/2001/XMLSchema-instance" xsi:schemaLocation="http://www.openarchives.org/OAI/2.0/ http://www.openarchives.org/OAI/2.0/OAI-PMH.xsd"><responseDate>2026-04-27T21:30:59Z</responseDate><request verb="GetRecord" identifier="oai:uvadoc.uva.es:10324/75285" metadataPrefix="marc">https://uvadoc.uva.es/oai/request</request><GetRecord><record><header><identifier>oai:uvadoc.uva.es:10324/75285</identifier><datestamp>2025-03-10T20:02:28Z</datestamp><setSpec>com_10324_38</setSpec><setSpec>col_10324_852</setSpec></header><metadata><record xmlns="http://www.loc.gov/MARC21/slim" xmlns:doc="http://www.lyncode.com/xoai" xmlns:xsi="http://www.w3.org/2001/XMLSchema-instance" xmlns:dcterms="http://purl.org/dc/terms/" xsi:schemaLocation="http://www.loc.gov/MARC21/slim http://www.loc.gov/standards/marcxml/schema/MARC21slim.xsd">
<leader>00925njm 22002777a 4500</leader>
<datafield tag="042" ind1=" " ind2=" ">
<subfield code="a">dc</subfield>
</datafield>
<datafield tag="720" ind1=" " ind2=" ">
<subfield code="a">Santiago Gómez, Yolanda</subfield>
<subfield code="e">author</subfield>
</datafield>
<datafield tag="260" ind1=" " ind2=" ">
<subfield code="c">2025</subfield>
</datafield>
<datafield tag="520" ind1=" " ind2=" ">
<subfield code="a">Este Trabajo de Fin de Grado examina la relación entre la inteligencia emocional y la educación infantil a través del arte, analizando el impacto del&#xd;
proyecto pedagógico Raíces para Crecer. La investigación parte de la premisa de que el arte no solo es una herramienta expresiva, sino también un&#xd;
medio esencial para el desarrollo socioemocional de los niños. Para el análisis de contenido de las entrevistas realizadas a docentes y mediadores&#xd;
artísticos, así como de los datos recogidos en la observación participante y los grupos focales. El estudio concluye que la educación emocional basada en&#xd;
el arte constituye una estrategia efectiva para potenciar el bienestar infantil y fomentar habilidades socioemocionales esenciales para el desarrollo integral&#xd;
del niño. Finalmente, se sugieren futuras líneas de investigación sobre la implementación de metodologías artísticas en distintos contextos educativos y&#xd;
su impacto en la formación emocional de los niños</subfield>
</datafield>
<datafield tag="024" ind2=" " ind1="8">
<subfield code="a">https://uvadoc.uva.es/handle/10324/75285</subfield>
</datafield>
<datafield tag="245" ind1="0" ind2="0">
<subfield code="a">La Inteligencia emocional a través del arte</subfield>
</datafield>
</record></metadata></record></GetRecord></OAI-PMH>